Top 250 NBA Single Season Leaders in Win Shares - Statistics

General Stats
  • This quiz has been taken 38 times
  • The average score is 181 of 250
Answer Stats
Rank Player WS Season % Correct
2 Wilt Chamberlain 24.98 1963-64
100%
4 Wilt Chamberlain 23.11 1961-62
100%
6 Wilt Chamberlain 21.87 1966-67
100%
8 Wilt Chamberlain 21.42 1965-66
100%
11 Wilt Chamberlain 20.94 1962-63
100%
15 Wilt Chamberlain 20.38 1967-68
100%
25 Wilt Chamberlain 18.83 1960-61
100%
36 Wilt Chamberlain 18.2 1972-73
100%
59 Wilt Chamberlain 17.01 1959-60
100%
95 Wilt Chamberlain 15.84 1971-72
100%
130 Wilt Chamberlain 15.1 1964-65
100%
152 Wilt Chamberlain 14.66 1968-69
100%
54 Jerry West 17.13 1965-66
97%
69 Jerry West 16.68 1964-65
97%
126 Jerry West 15.15 1969-70
97%
193 Jerry West 14.03 1963-64
97%
247 Jerry West 13.35 1971-72
97%
9 Michael Jordan 21.23 1987-88
97%
14 Michael Jordan 20.43 1995-96
97%
16 Michael Jordan 20.3 1990-91
97%
19 Michael Jordan 19.8 1988-89
97%
23 Michael Jordan 18.99 1989-90
97%
32 Michael Jordan 18.3 1996-97
97%
45 Michael Jordan 17.73 1991-92
97%
53 Michael Jordan 17.24 1992-93
97%
62 Michael Jordan 16.89 1986-87
97%
98 Michael Jordan 15.8 1997-98
97%
198 Michael Jordan 13.97 1984-85
97%
22 Kevin Durant 19.22 2013-14
94%
24 Kevin Durant 18.9 2012-13
94%
84 Kevin Durant 16.09 2009-10
94%
164 Kevin Durant 14.48 2015-16
94%
17 LeBron James 20.25 2008-09
94%
21 LeBron James 19.3 2012-13
94%
29 LeBron James 18.46 2009-10
94%
78 LeBron James 16.26 2005-06
94%
91 LeBron James 15.94 2013-14
94%
108 LeBron James 15.58 2010-11
94%
123 LeBron James 15.24 2007-08
94%
167 LeBron James 14.45 2011-12
94%
182 LeBron James 14.3 2004-05
94%
199 LeBron James 13.95 2017-18
94%
223 LeBron James 13.7 2006-07
94%
228 LeBron James 13.64 2015-16
94%
52 Bill Russell 17.29 1963-64
91%
64 Bill Russell 16.86 1964-65
91%
110 Bill Russell 15.49 1961-62
91%
208 Bill Russell 13.84 1959-60
91%
237 Bill Russell 13.51 1962-63
91%
56 Nikola Jokić 17.05 2023-24
91%
73 Nikola Jokić 16.44 2024-25
91%
102 Nikola Jokić 15.62 2020-21
91%
121 Nikola Jokić 15.24 2021-22
91%
138 Nikola Jokić 14.93 2022-23
91%
191 Russell Westbrook 14.05 2015-16
91%
39 Stephen Curry 17.87 2015-16
91%
100 Stephen Curry 15.68 2014-15
91%
246 Stephen Curry 13.36 2013-14
91%
18 David Robinson 19.98 1993-94
89%
35 David Robinson 18.26 1995-96
89%
49 David Robinson 17.46 1994-95
89%
57 David Robinson 17.04 1990-91
89%
132 David Robinson 15.06 1989-90
89%
207 David Robinson 13.87 1991-92
89%
215 David Robinson 13.77 1997-98
89%
74 James Harden 16.44 2014-15
89%
116 James Harden 15.36 2017-18
89%
124 James Harden 15.19 2018-19
89%
134 James Harden 15.05 2016-17
89%
1 Kareem Abdul-Jabbar 25.37 1971-72
89%
5 Kareem Abdul-Jabbar 22.31 1970-71
89%
7 Kareem Abdul-Jabbar 21.86 1972-73
89%
30 Kareem Abdul-Jabbar 18.45 1973-74
89%
43 Kareem Abdul-Jabbar 17.81 1976-77
89%
58 Kareem Abdul-Jabbar 17.01 1975-76
89%
143 Kareem Abdul-Jabbar 14.84 1979-80
89%
176 Kareem Abdul-Jabbar 14.38 1978-79
89%
186 Kareem Abdul-Jabbar 14.26 1980-81
89%
214 Kareem Abdul-Jabbar 13.8 1969-70
89%
68 Karl Malone 16.71 1996-97
89%
75 Karl Malone 16.35 1997-98
89%
92 Karl Malone 15.92 1989-90
89%
111 Karl Malone 15.49 1990-91
89%
114 Karl Malone 15.38 1992-93
89%
120 Karl Malone 15.26 1999-00
89%
125 Karl Malone 15.18 1988-89
89%
127 Karl Malone 15.13 1995-96
89%
131 Karl Malone 15.08 1991-92
89%
210 Karl Malone 13.84 1994-95
89%
244 Karl Malone 13.41 1993-94
89%
119 Kobe Bryant 15.29 2005-06
89%
140 Kobe Bryant 14.91 2002-03
89%
211 Kobe Bryant 13.82 2007-08
89%
70 Magic Johnson 16.55 1989-90
89%
88 Magic Johnson 16.07 1988-89
89%
93 Magic Johnson 15.9 1986-87
89%
115 Magic Johnson 15.37 1990-91
89%
112 Moses Malone 15.42 1981-82
89%
129 Moses Malone 15.1 1982-83
89%
189 Moses Malone 14.09 1978-79
89%
227 Moses Malone 13.66 1980-81
89%
26 Shaquille O'Neal 18.65 1999-00
89%
61 Shaquille O'Neal 16.91 1993-94
89%
137 Shaquille O'Neal 14.94 2000-01
89%
194 Shaquille O'Neal 14.03 1994-95
89%
51 Charles Barkley 17.3 1989-90
86%
67 Charles Barkley 16.71 1987-88
86%
86 Charles Barkley 16.08 1988-89
86%
169 Charles Barkley 14.43 1992-93
86%
243 Charles Barkley 13.42 1990-91
86%
34 Chris Paul 18.29 2008-09
86%
44 Chris Paul 17.79 2007-08
86%
85 Chris Paul 16.08 2014-15
86%
201 Chris Paul 13.95 2012-13
86%
206 Chris Paul 13.91 2010-11
86%
97 Larry Bird 15.81 1985-86
86%
101 Larry Bird 15.67 1984-85
86%
122 Larry Bird 15.24 1986-87
86%
135 Larry Bird 15.01 1987-88
86%
200 Larry Bird 13.95 1982-83
86%
234 Larry Bird 13.57 1983-84
86%
41 Tim Duncan 17.81 2001-02
86%
72 Tim Duncan 16.45 2002-03
86%
96 Hakeem Olajuwon 15.82 1992-93
83%
181 Hakeem Olajuwon 14.33 1993-94
83%
105 John Stockton 15.61 1988-89
83%
168 John Stockton 14.44 1989-90
83%
190 John Stockton 14.08 1987-88
83%
192 John Stockton 14.04 1990-91
83%
204 John Stockton 13.93 1994-95
83%
230 John Stockton 13.61 1996-97
83%
242 John Stockton 13.43 1991-92
83%
47 Julius Erving 17.72 1975-76
83%
48 Julius Erving 17.58 1974-75
83%
71 Julius Erving 16.48 1973-74
83%
209 Julius Erving 13.84 1980-81
83%
249 Julius Erving 13.33 1981-82
83%
180 Giannis Antetokounmpo 14.35 2018-19
80%
13 Oscar Robertson 20.65 1963-64
80%
50 Oscar Robertson 17.42 1966-67
80%
60 Oscar Robertson 16.96 1964-65
80%
63 Oscar Robertson 16.88 1965-66
80%
65 Oscar Robertson 16.8 1962-63
80%
104 Oscar Robertson 15.62 1961-62
80%
195 Anthony Davis 14.03 2014-15
77%
224 Anthony Davis 13.7 2017-18
77%
149 Dwyane Wade 14.71 2008-09
77%
174 Dwyane Wade 14.39 2005-06
77%
31 Kevin Garnett 18.33 2003-04
77%
83 Kevin Garnett 16.11 2004-05
77%
106 Kevin Garnett 15.6 2002-03
77%
141 Kevin Garnett 14.88 2005-06
77%
236 Patrick Ewing 13.52 1989-90
77%
150 Pau Gasol 14.69 2010-11
77%
202 Pau Gasol 13.95 2008-09
77%
139 Bob Pettit 14.92 1960-61
74%
142 Bob Pettit 14.87 1963-64
74%
148 Bob Pettit 14.75 1958-59
74%
185 Bob Pettit 14.28 1962-63
74%
216 Bob Pettit 13.75 1955-56
74%
146 Elgin Baylor 14.79 1960-61
74%
175 Elgin Baylor 14.39 1962-63
74%
3 George Mikan 23.43 1950-51
74%
10 George Mikan 21.13 1949-50
74%
12 George Mikan 20.86 1948-49
74%
161 George Mikan 14.58 1952-53
74%
177 George Mikan 14.38 1951-52
74%
66 Shai Gilgeous-Alexander 16.74 2024-25
71%
153 Shai Gilgeous-Alexander 14.65 2023-24
71%
82 Tracy McGrady 16.11 2002-03
71%
151 Willis Reed 14.69 1968-69
71%
154 Willis Reed 14.64 1969-70
71%
46 Dirk Nowitzki 17.72 2005-06
69%
76 Dirk Nowitzki 16.34 2006-07
69%
81 Dirk Nowitzki 16.14 2002-03
69%
107 Dirk Nowitzki 15.6 2004-05
69%
160 Dirk Nowitzki 14.6 2000-01
69%
245 Dirk Nowitzki 13.38 2001-02
69%
144 Kevin McHale 14.82 1986-87
69%
221 Ray Allen 13.73 2000-01
69%
171 Rick Barry 14.41 1966-67
69%
219 Kawhi Leonard 13.75 2015-16
66%
231 Kawhi Leonard 13.61 2016-17
66%
184 Kevin Love 14.29 2013-14
66%
103 Walt Frazier 15.62 1970-71
66%
136 Walt Frazier 14.96 1969-70
66%
163 Walt Frazier 14.51 1971-72
66%
147 Dolph Schayes 14.76 1953-54
63%
222 Dolph Schayes 13.73 1957-58
63%
173 Dwight Howard 14.39 2010-11
63%
218 Dwight Howard 13.75 2008-09
63%
203 Gary Payton 13.93 1999-00
60%
187 Tiny Archibald 14.24 1972-73
57%
109 Chauncey Billups 15.49 2005-06
51%
235 Chauncey Billups 13.52 2007-08
51%
155 Grant Hill 14.63 1996-97
51%
178 Rudy Gobert 14.36 2018-19
51%
183 Rudy Gobert 14.29 2016-17
51%
42 Bob McAdoo 17.81 1974-75
49%
118 Bob McAdoo 15.3 1973-74
49%
197 Karl-Anthony Towns 14 2017-18
49%
158 Amar'e Stoudemire 14.61 2007-08
46%
159 Amar'e Stoudemire 14.6 2004-05
46%
165 Chet Walker 14.48 1971-72
46%
90 Paul Arizin 16.01 1951-52
46%
220 Paul Arizin 13.74 1950-51
46%
157 Adrian Dantley 14.61 1983-84
43%
232 Adrian Dantley 13.59 1980-81
43%
99 Dan Issel 15.77 1972-73
40%
217 Dan Issel 13.75 1973-74
40%
239 Dan Issel 13.49 1971-72
40%
229 Gilbert Arenas 13.63 2005-06
40%
212 Jimmy Butler 13.82 2016-17
40%
162 Shawn Marion 14.57 2005-06
37%
79 Walt Bellamy 16.25 1961-62
37%
179 Walt Bellamy 14.36 1963-64
37%
226 Walt Bellamy 13.68 1962-63
37%
20 Artis Gilmore 19.79 1971-72
34%
28 Artis Gilmore 18.49 1972-73
34%
80 Artis Gilmore 16.18 1974-75
34%
133 Artis Gilmore 15.05 1975-76
34%
170 Bob Lanier 14.42 1973-74
31%
241 Sidney Moncrief 13.43 1981-82
31%
188 Horace Grant 14.15 1991-92
29%
240 Peja Stojaković 13.47 2003-04
29%
145 Elton Brand 14.81 2005-06
26%
233 Elton Brand 13.58 2001-02
26%
77 Joe Fulks 16.27 1946-47
26%
94 Ed Macauley 15.89 1950-51
23%
156 Ed Macauley 14.63 1953-54
23%
166 Ed Macauley 14.47 1952-53
23%
213 Ed Macauley 13.82 1951-52
23%
238 Brandon Roy 13.49 2008-09
17%
40 Connie Hawkins 17.87 1967-68
17%
33 Neil Johnston 18.3 1953-54
14%
113 Neil Johnston 15.39 1954-55
14%
117 Neil Johnston 15.33 1952-53
14%
205 Neil Johnston 13.92 1955-56
14%
225 Neil Johnston 13.68 1956-57
14%
55 Spencer Haywood 17.1 1969-70
14%
196 Bailey Howell 14.02 1962-63
9%
250 Larry Foust 13.31 1954-55
6%
172 Anfernee Hardaway 14.4 1995-96
3%
37 Alex Groza 17.96 1950-51
0%
38 Alex Groza 17.92 1949-50
0%
27 Bob Feerick 18.59 1946-47
0%
87 Jimmy Jones 16.08 1968-69
0%
248 Kenny Sears 13.33 1958-59
0%
89 Zelmo Beaty 16.04 1970-71
0%
128 Zelmo Beaty 15.13 1971-72
0%
No matching quizzes found
Score Distribution
Percent of People with Each Score
Percentile by Number Answered
Your Score History
You have not taken this quiz